Fr. Conceicao Rodrigues College of Engineering

Electronic devices and Linear Circuits (Record no. 32152)

MARC details
000 -LEADER
fixed length control field 00314nam a2200133Ia 4500
082 ## - DEWEY DECIMAL CLASSIFICATION NUMBER
Classification number 621.381
Item number GAR
100 ## - MAIN ENTRY--PERSONAL NAME
Personal name Garud/G.N/ Jain/L.C
245 ## - TITLE STATEMENT
Title Electronic devices and Linear Circuits
260 ## - PUBLICATION, DISTRIBUTION, ETC.
Name of publisher, distributor, etc. Tata Mc Graw hill
Place of publication, distribution, etc. New Delhi
Date of publication, distribution, etc. 1987
300 ## - PHYSICAL DESCRIPTION
Extent 483
546 ## - LANGUAGE NOTE
Language note ENGLISH
654 ## - SUBJECT ADDED ENTRY--FACETED TOPICAL TERMS
Focus term devices
942 ## - ADDED ENTRY ELEMENTS (KOHA)
Koha item type BOOK
Holdings
Withdrawn status Lost status Damaged status Not for loan Collection Home library Current library Date acquired Cost, normal purchase price Total Checkouts Full call number Barcode Date last seen Cost, replacement price Price effective from Koha item type
        CRC Fr. Agnel's C.Rodrigues College of Engineering Fr. Agnel's C.Rodrigues College of Engineering 17/03/2023 48.00   621.381 GAR 1661 17/03/2023 48.00 17/03/2023 BOOK
        CRC Fr. Agnel's C.Rodrigues College of Engineering Fr. Agnel's C.Rodrigues College of Engineering 17/03/2023 48.00   621.381 GAR 1662 17/03/2023 48.00 17/03/2023 BOOK
        CRC Fr. Agnel's C.Rodrigues College of Engineering Fr. Agnel's C.Rodrigues College of Engineering 17/03/2023 48.00   621.381 GAR 1663 17/03/2023 48.00 17/03/2023 BOOK
        CRC Fr. Agnel's C.Rodrigues College of Engineering Fr. Agnel's C.Rodrigues College of Engineering 17/03/2023 48.00   621.381 GAR 1664 05/02/2024 48.00 17/03/2023 BOOK